|
|
|
|
| LEADER |
00000nam0a2200000 4500 |
| 001 |
35800 |
| 005 |
20231030235135.0 |
| 035 |
|
|
|a (RuTPU)RU\TPU\book\36242
|
| 035 |
|
|
|a BOOK00002894
|
| 090 |
|
|
|a 35800
|
| 100 |
|
|
|a 20011210d1989 m y0rusy50 ca
|
| 101 |
0 |
|
|a rus
|
| 102 |
|
|
|a RU
|
| 105 |
|
|
|a a j 000zy
|
| 200 |
1 |
|
|a Организация, планирование и управление машиностроительным предприятием
|h Ч. 2
|i Внутризаводское планирование
|e учебное пособие
|e в 2-х частях
|f под ред. В. А. Летенко ; Б. Н. Родионова
|
| 205 |
|
|
|a 2- е изд., перераб. и доп.
|
| 210 |
|
|
|a Москва
|c Высшая школа
|d 1979
|
| 215 |
|
|
|a 232 с.
|c ил.
|
| 610 |
1 |
|
|a машиностроение
|
| 610 |
1 |
|
|a заводы
|
| 610 |
1 |
|
|a экономика
|
| 610 |
1 |
|
|a планирование
|
| 610 |
1 |
|
|a управление
|
| 610 |
1 |
|
|a организация
|
| 610 |
1 |
|
|a учебные пособия
|
| 675 |
|
|
|a 621.002:658(075.8)
|v 3
|
| 702 |
|
1 |
|a Летенко
|b В. А.
|g Виктор Александрович
|4 340
|
| 702 |
|
1 |
|a Родионов
|b Б. Н.
|g Борис Николаевич
|4 340
|
| 801 |
|
0 |
|a RU
|b 63413507
|c 20011210
|g PSBO
|
| 801 |
|
2 |
|a RU
|b 63413507
|c 20211126
|g PSBO
|
| 900 |
|
|
|a Организация и планирование производства. Основы менеджмента
|
| 942 |
|
|
|c BK
|